Riquezas lícitas de Mato Grosso / (Record no. 1203)

MARC details
000 -LÍDER
Campo Fixo de Controle 00789nam a2200253 a 4500
001 - NÚMERO DE CONTROLE
Campo de Controle 1203
003 - IDENTIFICAÇÃO DO NÚMERO DE CONTROLE
Campo de Controle BR-CuiBMT
005 - DATA E HORA DA ÚLTIMA ATUALIZAÇÃO
Campo de Controle 20231201005642.0
008 - DADOS FIXOS
Dados Fixos 231113s2013 mtba 000 0 por d
020 ## - INTERNATIONAL STANDARD BOOK NUMBER
Nº do ISBN 9788586422416
040 ## - AGÊNCIA CATALOGADORA
Código da Agência Catalogadora BR-CuiBMT
Agência que transcreveu o registro BR-CuiBMT
080 ## - Nº DA CLASSIFICAÇÃO DECIMAL UNIVERSAL
Nº Class. CDU 94
Subd. Auxiliar Comum (817.2)
Nº edição CDU 2007
090 ## - NÚMERO DE CHAMADA
Nº classificação 94(817.2)
Cutter M672r
100 1# - ENTRADA PRINCIPAL -- AUTOR PESSOAL
Nome pessoal Miranda, Graci Ourives de
245 10 - TÍTULO PRINCIPAL
Título principal Riquezas lícitas de Mato Grosso /
Indicação de responsabilidade Graci Ourives de Miranda.
260 ## - PUBLICAÇÃO, DISTRIBUIÇÃO, ETC.
Local de publicação Cuiabá :
Editora Gráfica Print,
Data 2013.
300 ## - DESCRIÇÃO FÍSICA
N. páginas ou volumes 352 p. :
Ilustrações il. ;
Dimensões 22 cm
504 ## - NOTA DE BIBLIOGRAFIA, ETC.
Nota de bibliografia Inclui bibliografia.
650 ## - ASSUNTO TÓPICO
Cabeçalho tópico ou nome geográfico Mato Grosso
Subdivisão geral Comércio, séc. XVIII e XIX
650 ## - ASSUNTO TÓPICO
Cabeçalho tópico ou nome geográfico Poaeiros
Subdivisão geral História
Subdivisão geográfica Mato Grosso
650 ## - ASSUNTO TÓPICO
Cabeçalho tópico ou nome geográfico Poaia (Planta)
Subdivisão geográfica Mato Grosso
650 ## - ASSUNTO TÓPICO
Cabeçalho tópico ou nome geográfico Ipecacuanha
Subdivisão geral Planta medicinal
Subdivisão geográfica Mato Grosso
942 ## - ELEMENTOS DE ENTRADA ADICIONAIS (KOHA)
Fonte de classificação ou esquema de arquivamento Classificação Decimal Universal
Tipo de item do Koha Livros
Holdings
Estado: removido Estado: perdido Fonte de classificação ou esquema de arquivamento Estado: danificado Indisponível para empréstimo Localização permanente Localização atual Data de aquisição Total Checkouts Número de Chamada completo Código de barras Date last seen Número do exemplar Preço efetivo a partir de Tipo de item (Koha)
    Classificação Decimal Universal     Biblioteca da Escola Superior de Contas do TCE/MT Biblioteca da Escola Superior de Contas do TCE/MT 30/11/2023   94(817.2) M672r BIBTCEMT23120004 01/12/2023 Ex. 1 01/12/2023 Livros

Powered by Koha